<?xml version="1.0" encoding="UTF-8"?>
<record
    xmlns:xsi="http://www.w3.org/2001/XMLSchema-instance"
    xsi:schemaLocation="http://www.loc.gov/MARC21/slim http://www.loc.gov/standards/marcxml/schema/MARC21slim.xsd"
    xmlns="http://www.loc.gov/MARC21/slim">

  <leader>01873nam0a2200325   4500</leader>
  <controlfield tag="001">RU\NLR\BIBL_A\022217665</controlfield>
  <controlfield tag="005">20260419042158.0</controlfield>
  <datafield tag="035" ind1=" " ind2=" ">
    <subfield code="a">(NLR Aleph) 022217665</subfield>
  </datafield>
  <datafield tag="090" ind1=" " ind2=" ">
    <subfield code="a">13092256</subfield>
    <subfield code="c">13092256</subfield>
  </datafield>
  <datafield tag="100" ind1=" " ind2=" ">
    <subfield code="a">20240508d1963    |||y0rusy50      ca</subfield>
  </datafield>
  <datafield tag="101" ind1="0" ind2=" ">
    <subfield code="a">ukr</subfield>
  </datafield>
  <datafield tag="102" ind1=" " ind2=" ">
    <subfield code="a">RU</subfield>
  </datafield>
  <datafield tag="105" ind1=" " ind2=" ">
    <subfield code="a">y   gc  000yy</subfield>
  </datafield>
  <datafield tag="181" ind1=" " ind2="0">
    <subfield code="a">i </subfield>
    <subfield code="b">axxe  </subfield>
  </datafield>
  <datafield tag="182" ind1=" " ind2="0">
    <subfield code="a">n</subfield>
  </datafield>
  <datafield tag="200" ind1="1" ind2=" ">
    <subfield code="a">&#x41A;&#x440;&#x438;&#x437;&#x430; &#x441;&#x432;i&#x442;&#x43E;&#x432;&#x43E;&#x433;&#x43E; &#x43A;&#x430;&#x43F;i&#x442;&#x430;&#x43B;i&#x437;&#x43C;&#x443;</subfield>
    <subfield code="e">&#x43A;&#x43E;&#x440;&#x43E;&#x442;&#x43A;&#x438;&#x439; &#x430;&#x43D;&#x43E;&#x442;&#x43E;&#x432;&#x430;&#x43D;&#x438;&#x439; &#x43F;&#x43E;&#x43A;&#x430;&#x436;&#x447;&#x438;&#x43A; &#x43B;i&#x442;&#x435;&#x440;&#x430;&#x442;&#x443;&#x440;&#x438;</subfield>
    <subfield code="f">&#x41C;i&#x43D;i&#x441;&#x442;&#x435;&#x440;&#x441;&#x442;&#x432;&#x43E; &#x43A;&#x443;&#x43B;&#x44C;&#x442;&#x443;&#x440;&#x438; &#x423;&#x43A;&#x440;&#x430;&#xEF;&#x43D;&#x441;&#x44C;&#x43A;&#x43E;&#xEF; &#x420;&#x421;&#x420;, &#x414;&#x435;&#x440;&#x436;&#x430;&#x432;&#x43D;&#x430; &#x440;&#x435;&#x441;&#x43F;&#x443;&#x431;&#x43B;i&#x43A;&#x430;&#x43D;&#x441;&#x44C;&#x43A;&#x430; &#x431;i&#x431;&#x43B;i&#x43E;&#x442;&#x435;&#x43A;&#x430; &#x423;&#x420;&#x421;&#x420; i&#x43C;&#x435;&#x43D;i &#x41A;&#x41F;&#x420;&#x421;</subfield>
    <subfield code="g">[&#x441;&#x43A;&#x43B;&#x430;&#x432; &#x410;. &#x410;. &#x41A;&#x43E;&#x43D;&#x434;&#x440;&#x430;&#x446;&#x44C;&#x43A;&#x438;&#x439;]</subfield>
  </datafield>
  <datafield tag="203" ind1=" " ind2=" ">
    <subfield code="a">&#x422;&#x435;&#x43A;&#x441;&#x442;</subfield>
    <subfield code="b">&#x432;&#x438;&#x437;&#x443;&#x430;&#x43B;&#x44C;&#x43D;&#x44B;&#x439;</subfield>
    <subfield code="c">&#x43D;&#x435;&#x43F;&#x43E;&#x441;&#x440;&#x435;&#x434;&#x441;&#x442;&#x432;&#x435;&#x43D;&#x43D;&#x44B;&#x439;</subfield>
  </datafield>
  <datafield tag="210" ind1=" " ind2=" ">
    <subfield code="a">&#x41A;&#x438;&#xEF;&#x432;</subfield>
    <subfield code="c">&#x414;&#x435;&#x440;&#x436;&#x430;&#x432;&#x43D;&#x435; &#x432;&#x438;&#x434;&#x430;&#x432;&#x43D;&#x438;&#x446;&#x442;&#x432;&#x43E; &#x43F;&#x43E;&#x43B;i&#x442;&#x438;&#x447;&#x43D;&#x43E;&#xEF; &#x43B;i&#x442;&#x435;&#x440;&#x430;&#x442;&#x443;&#x440;&#x438; &#x423;&#x420;&#x421;&#x420;</subfield>
    <subfield code="d">1963</subfield>
  </datafield>
  <datafield tag="215" ind1=" " ind2=" ">
    <subfield code="a">35, [2] &#x441;.</subfield>
    <subfield code="d">20</subfield>
  </datafield>
  <datafield tag="225" ind1="1" ind2=" ">
    <subfield code="a">&#x41D;&#x430; &#x434;&#x43E;&#x43F;&#x43E;&#x43C;&#x43E;&#x433;&#x443; &#x431;i&#x431;&#x43B;i&#x43E;&#x442;&#x435;&#x43A;&#x430;&#x440;&#x435;&#x432;i</subfield>
  </datafield>
  <datafield tag="300" ind1=" " ind2=" ">
    <subfield code="a">&#x412; &#x432;&#x44B;&#x43F;. &#x434;&#x430;&#x43D;. &#x437;&#x430;&#x433;&#x43B;. &#x442;&#x430;&#x43A;&#x436;&#x435; &#x43D;&#x430; &#x440;&#x443;&#x441;. &#x44F;&#x437;.: &#x41A;&#x440;&#x438;&#x437;&#x438;&#x441; &#x43C;&#x438;&#x440;&#x43E;&#x432;&#x43E;&#x433;&#x43E; &#x43A;&#x430;&#x43F;&#x438;&#x442;&#x430;&#x43B;&#x438;&#x437;&#x43C;&#x430;: &#x43A;&#x440;&#x430;&#x442;&#x43A;&#x438;&#x439; &#x430;&#x43D;&#x43D;&#x43E;&#x442;&#x438;&#x440;&#x43E;&#x432;&#x430;&#x43D;&#x43D;&#x44B;&#x439; &#x443;&#x43A;&#x430;&#x437;&#x430;&#x442;&#x435;&#x43B;&#x44C; &#x43B;&#x438;&#x442;&#x435;&#x440;&#x430;&#x442;&#x443;&#x440;&#x44B; (&#x43D;&#x430; &#x443;&#x43A;&#x440;&#x430;&#x438;&#x43D;&#x441;&#x43A;&#x43E;&#x43C; &#x44F;&#x437;&#x44B;&#x43A;&#x435;)</subfield>
  </datafield>
  <datafield tag="517" ind1="1" ind2=" ">
    <subfield code="a">&#x41A;&#x440;&#x438;&#x437;&#x438;&#x441; &#x43C;&#x438;&#x440;&#x43E;&#x432;&#x43E;&#x433;&#x43E; &#x43A;&#x430;&#x43F;&#x438;&#x442;&#x430;&#x43B;&#x438;&#x437;&#x43C;</subfield>
    <subfield code="e">&#x43A;&#x440;&#x430;&#x442;&#x43A;&#x438;&#x439; &#x430;&#x43D;&#x43D;&#x43E;&#x442;&#x438;&#x440;&#x43E;&#x432;&#x430;&#x43D;&#x43D;&#x44B;&#x439; &#x443;&#x43A;&#x430;&#x437;&#x430;&#x442;&#x435;&#x43B;&#x44C; &#x43B;&#x438;&#x442;&#x435;&#x440;&#x430;&#x442;&#x443;&#x440;&#x44B; (&#x43D;&#x430; &#x443;&#x43A;&#x440;&#x430;&#x438;&#x43D;&#x441;&#x43A;&#x43E;&#x43C; &#x44F;&#x437;&#x44B;&#x43A;&#x435;)</subfield>
    <subfield code="z">rus</subfield>
  </datafield>
  <datafield tag="702" ind1=" " ind2="1">
    <subfield code="a">&#x41A;&#x43E;&#x43D;&#x434;&#x440;&#x430;&#x446;&#x44C;&#x43A;&#x438;&#x439;</subfield>
    <subfield code="b">&#x410;. &#x410;.</subfield>
    <subfield code="g">&#x410;&#x434;&#x43E;&#x43B;&#x44C;&#x444; &#x410;&#x434;&#x43E;&#x43B;&#x44C;&#x444;&#x43E;&#x432;&#x438;&#x447;</subfield>
    <subfield code="4">220</subfield>
  </datafield>
  <datafield tag="712" ind1="0" ind2="2">
    <subfield code="4">220</subfield>
    <subfield code="8">ukr</subfield>
    <subfield code="a">&#x414;&#x435;&#x440;&#x436;&#x430;&#x432;&#x43D;&#x430; &#x440;&#x435;&#x441;&#x43F;&#x443;&#x431;&#x43B;&#x456;&#x43A;&#x430;&#x43D;&#x441;&#x44C;&#x43A;&#x430; &#x431;&#x456;&#x431;&#x43B;&#x456;&#x43E;&#x442;&#x435;&#x43A;&#x430; &#x423;&#x420;&#x421;&#x420; &#x456;&#x43C;. &#x41A;&#x41F;&#x420;&#x421;</subfield>
    <subfield code="c">&#x41A;&#x438;&#xEF;&#x432;</subfield>
    <subfield code="3">RU\NLR\AUTH\889089</subfield>
    <subfield code="9">290689</subfield>
  </datafield>
  <datafield tag="852" ind1=" " ind2=" ">
    <subfield code="a">NLR</subfield>
    <subfield code="j">&#x441;451-660/&#x41A;-82</subfield>
  </datafield>
  <datafield tag="942" ind1=" " ind2=" ">
    <subfield code="c">BOOK</subfield>
  </datafield>
  <datafield tag="980" ind1=" " ind2=" ">
    <subfield code="a">NB</subfield>
  </datafield>
  <datafield tag="995" ind1=" " ind2=" ">
    <subfield code="5">2024-06-05</subfield>
    <subfield code="b">NLR01</subfield>
    <subfield code="c">NLR01</subfield>
    <subfield code="e">CSB</subfield>
    <subfield code="f">1-4367047</subfield>
    <subfield code="k">&#x441;451-660/&#x41A;-82</subfield>
    <subfield code="o">0</subfield>
    <subfield code="r">BOOK</subfield>
    <subfield code="s">45166082_</subfield>
  </datafield>
</record>
